02176cam a22003495i 4500999001700000001001000017003000900027005001700036008004100053020002500094035002000119040005300139082002400192245008600216264008800302300004600390336002600436337002800462338002700490504005100517520068200568650003901250650005001289650004101339650005301380650006401433650005501497653002501552700006501577942001201642952017201654 c28072d28043016191335EG-ScBUE20200212151404.0130322s2013 enka f b 001 0 eng d a9781405183918 (pbk.) a(StEdNL)4921765 aStDuBDSbengerdacStDuBDSdUkdStEdNLdEG-ScBUE04a174.930223bGLO22200aGlobal media ethics :bproblems and perspectives /cedited by Stephen J. A. Ward. 1aChichester, West Sussex, UK :bWiley-Blackwell / ِJohn Wiley & Sons, Ltd.,c2013. axiii, 326 pages :billustrations ;c26 cm atextbtxt2rdacontent aunmediatedbn2rdamedia avolumebnc2rdacarrier aIncludes bibliographical references and index. a"Global Media Ethics is the first comprehensive cross-cultural exploration of the conceptual and practical issues facing media ethics in a global world. A team of leading journalism experts investigates the impact of major global trends on responsible journalism. The first full-length, truly global textbook on media ethics; Explores how current global changes in media promote and inhibit responsible journalism; Includes relevant and timely ethical discussions based on major trends in journalism and global media; Questions existing frameworks in media ethics in light of the impact of global media; Contributors are leading experts in global journalism and communication." 7aJournalistic ethics.2BUEsh937793 7aMass mediaxMoral and ethical aspects.2BUEsh 7aMass media and globalization.2BUEsh 7aJournalistic ethicsvCase studies.2BUEsh937793 7aMass mediaxMoral and ethical aspectsvCase studies.2BUEsh 7aMass media and globalizationvCase studies.2BUEsh bCOMAMEcFebruary20201 aWard, Stephen J. A.q(Stephen John Anthony),d1951-eeditor. 2ddccBB 00102ddc40708BaccahaMAINbMAINc1STd2020-02-12ePurchaseg713.00h34025l2m2o174.930223 GLOp000048616r2025-07-15 00:00:00s2021-05-20v891.25w2020-02-12yBB